01268nam a22001337a 4500008004100000020001800041050001500059245007000074260002700144300003000171500002000201505089300221700002001114170220b xxu||||| |||| 00| 0 eng d a9780779851515 aKE5759.T27 aTax planning for you and your family. /cedited by Carol Bethune. aToronto:bKPMG,c2012. av, 363p. :bill. ;c23cm. aIncludes index. aContents: Tips for achieving your financial goals -- Tips for claiming tax deductions and credits -- RRSPs and other tax-assisted retirement plans -- TFSAs and other tax-assisted savings plans -- Reducing your family tax's bill through income splitting -- Capital gains and losses -- Investments -- Charitable donations -- Dealing with the tax collectors -- If you are employed -- If you are self-employed -- If you use automobile for business -- If you are moving -- If you have your own corporation -- Farming -- If you practise a profession -- If you live in Quebec -- If you are a US citizen in Canada -- If you visit, work or own property in the US -- Planning for your retirement -- Estate planning -- If you are an executor or estate trustee -- Appendix i: Federal and provincial income tax ratess and brackets for 2012 -- Appendix ii: Federal and provincial tax credits for 2012. aBethune, Carol.